000 01033nam a22002057a 4500
999 _c59739
_d59739
003 Ge_BSU
005 20230407171528.0
008 230407s1993 ge ||||| |||| 00| 0 geo d
041 _ageo
080 _a902.2(479.222.1) ჯ-54
100 _aჯიქია, ლონდა
_917563
245 _aქუთაისისა და მისი მიდამოების არქეოლოგიური ძეგლები /
_cლონდა ჯიქია; [რედ.: ელგუჯა თავბერიძე].
264 _aქუთაისი :
_bსარანგი,
_c1993.
300 _a92გვ. ;
_b20სმ.
504 _aბიბლიოგრ. გვ.81-89
653 _a არქეოლოგიური გათხრები იმერეთში
653 _a არქეოლოგიური ძეგლები საქართველოში
700 _aთავბერიძე, ელგუჯა
_eრედაქტორი
_917564
942 _2udc
_cBK